00537nam a2200157Ia 450000500170000000800410001708200190005810000120007724500460008926000420013530000160017750000700019394200060026395200950026999900150036420250305034727.0240331s9999 xx 000 0 und d bAND25447a920 aAndi, R 0aDravida Iyakkum - Valarchiyum Talarchiyum aTamil NadubOviakil Pathippagamc2003 axx, 368 p., aThe contemporary experience of the history of Dravidian movement. cL 001040708LaWERCLbWERCLcSSCd2024-03-31l0o 920 ANDp5447r2024-03-31w2024-03-31yL c4229d4229